01266nam a2200301 i 4500003000900000005001700009007000300026008004100029020001800070040003000088041000800118082002600126100004400152245015300196264004300349300003900392336002700431337003400458338002800492490006400520500007000584504002600654650007700680650006400757651006600821700003600887700004100923DO-SdBNP20260604171422.0ta240422s2012 dr c 000 j spa d a9789945447859 aDO-SdBNPbspacBNPHUerda aspa a972.930542bM538a2221 aMéndez Batista, Nelson Williameautor13aLa actuación de los sargentos de la jefatura de abril, 65 /cNelson William Méndez Batista, Guarionex Novas Rosario, Pedro José Lantigua Bravo 1aSanto Domingo :bUniversitaria,c2012. a270 páginas, bretratosc21 cm. 2rdacontentatextobtxt 2rdamediaasin mediación bn 2rdacarrieravolumenbnc aPublicaciones de la Universidad Autónoma de Santo Domingo aIncluye datos biografícos de los autores en la contraportadas.  aBibliografía p: 267 72armarcaSociología militarxHistoriaySiglo XXzRepública Dominicana 7aFuerzas armadasxHistoriaySiglo XXzRepública Dominicana aRepública DominicanaxHistoriayRevolución de Abril, 19651 aNovas Rosario, Guarionexeautor1 aLantigua Bravo, Pedro José eautor